Statistiques concernant Top 10 des villes les plus peuplées d'Australie-Occidentale

Cliquez ici pour prendre le quiz!

Statistiques générales

  • Ce quiz a été pris 6 fois
  • Le résultat moyen est 1 sur 10

Statistiques - réponses

PopulationsVilles% Correct
2 024 894Perth
100%
39 825Kalgoorlie-Boulder
20%
30 364Albany
0%
14 776Broome
0%
75 628Bunbury
0%
25 973Busselton
0%
32 797Geraldton
0%
19 235Karratha
0%
67 813Mandurah
0%
15 191Port Hedland
0%

Distribution des résultats

Percentile par nombre de réponses

% des personnes avec chaque résultat

Votre développement - résultats

Vous n’avez pas pris ce quiz